000 00637nam a22001697a 4500
008 230301b |||||||| |||| 00| 0 eng d
020 _a9780190246792.
050 _aJC 6477.C37 2013.
100 _aCarens.H. Joseph
_952196
245 _aThe ethics of immigration ;
_cJoseph H.Carens
260 _aNew York:
_bOxford University Press,
_c2013.
300 _axvii,
_b364p.;
_c24cm.
650 _aUnited States
_vemigration and immigration
_xgovernment policy.
_952200
650 _aillegal aliens
_vgovernment policy
_zUnited States
_952201
650 _aemigration and immigration
_vmoral and ethical aspects
_952202
942 _2lcc
_cMONOGRAPH
999 _c131645
_d131645